Jojo's Bizarre Adventure - Araki's favorites - Statistics

General Stats
  • This quiz has been taken 119 times
  • The average score is 6 of 10
Answer Stats
Spot Character % Correct
#8 Jotaro Cujo
95%
#1 Josuke Higashikata
89%
#10 Dio Brando
87%
#6 Joseph Joestar
85%
#5 Giorno Giovanna
80%
#2 Yoshikage Kira
58%
#4 Diavolo / Doppio
49%
#3 Bruno Bucciarati
31%
#7 Guido Mista
24%
#9 Shigekiyo Yangu
22%
No matching quizzes found
Score Distribution
Percent of People with Each Score
Percentile by Number Answered
Your Score History
You have not taken this quiz